000 00360nam a2200145Ia 4500
008 230917s9999||||xx |||||||||||||| ||und||
040 _e249379
_aMAIN
041 _aEnglish
082 _a381.142023 J199S
100 _aJain, Preeti
245 0 _aStudy of internet advertising in India perspective
260 _c2017
300 _axvi, 232 p.
942 _cTH
999 _c128064
_d128064